| 000 | 01109nam a22003377a 4500 | ||
|---|---|---|---|
| 003 | CHAP | ||
| 005 | 20220329143106.0 | ||
| 008 | 060306d2005 mx r 00110 spa d | ||
| 010 | _a91810 | ||
| 011 | _a92782 | ||
| 035 | _a103348 | ||
| 040 | _cCHAP | ||
| 090 | _aTesis | ||
| 100 | 0 | 0 |
_aMiranda Madrid, Adela. _976088 |
| 245 | 1 | 0 |
_aTrabajo jornalero infantil en México _c/por Adela Miranda Madrid |
| 260 |
_aChapingo, Méx. : _bEl autor, _c2005. |
||
| 300 | _a304 j. | ||
| 502 | _aTesis (Doctor en Ciencias) - - UACH. Departamento de Sociología Rural | ||
| 590 |
_aALEPH _b10 _c20130110 _lUCH01 _h1509 |
||
| 590 |
_aBATCH-UPD _b10 _c20130110 _lUCH01 _h0826 |
||
| 590 |
_aBATCH-UPD _b10 _c20130410 _lUCH01 _h0504 |
||
| 590 |
_aCONVERSION _b10 _c20130109 _lUCH01 _h1351 |
||
| 650 | 1 | 4 |
_aAgricultura _xTrabajadores _xMexico. _91867 |
| 650 | 1 | 4 |
_aDerechos humanos. _931916 |
| 650 | 1 | 4 |
_aTrabajo infantil. _9114501 |
| 901 | _aBK | ||
| 905 | _aLilia | ||
| 942 | _cFOLL | ||
| 949 |
_aTesis _bBC _cTES _d33724000979902 _eTS2 _fc.2 _h44783 _i103348 _sb |
||
| 949 |
_aTesis _bBC _cTES _d33724000980819 _eTS1 _h44782 _i103348 _sb |
||
| 999 |
_c91810 _d91810 |
||